000 01081naa a22002897a 4500
001 BR8708461
003 BR-BrBNA
005 20240918175923.0
007 ta
008 230509b bl.||||| |||| 00| 0 por d
040 _aBR-BrBNA
_bpor
_cBiblioteca Nacional de Agricultura
041 _a(Pt)
072 _aE11
_b/G514
090 _aE11 BR8708461
100 1 _aSantos, A.F.
100 1 _aAndrade, J.A.
100 1 _aOliveira, A.G.
111 1 _a6. Encontro Nacional de Geografia Agraria
_cGaranhuns, PE (Brazil)
_d9-14 Dec 1985
245 1 _aO homem e a estrutura fundiaria no sertao sergipano do Sao Francisco
260 3 _aRecife, PE (Brasil):
_bMassangana,
_c1985.
500 _aAnais do 6. Encontro Nacional de Geografia Agraria. Comunicacoes Recife, PE (Brasil): Massangana, 1985. p. 190-193 (BR8708461-AM)E11
650 _aREFORMA AGRARIA
650 _aSERGIPE
773 0 _tAnais do 6. Encontro Nacional de Geografia Agraria. Comunicacoes
_wE11 BR8708461
_gRecife, PE (Brasil), 1985. p. 190-193
909 _a202404
_bLucia
_c55
_dLucia Elande
942 _cAM
_2AGRIS
999 _c318799
_d318799